000 00466nam a2200169Ia 4500
005 20241009045453.0
008 240331s9999 xx 000 0 und d
020 _a8170131332
082 _bJAY
_a820
100 _aJayasuriya, W
245 0 _aSri Lanka's english literature :
_ba case study in literature theory
260 _aNew Delhi
_bNavarang Booksellers and Publishers
_c1994
300 _a164 p .,
650 _aShort Stories
650 _aPoetry
942 _cL
999 _c3163
_d3163